[Event "DEM U12/U12w 2003"]
[Site "Willingen GER"]
[Date "2003.06.10"]
[Round "5"]
[White "Tschikischew, Jürgen"]
[Black "Zikeli, Julia"]
[Result "1/2-1/2"]
[Termination "normal"]
[Board "35"]
[WhiteElo "1249"]
[BlackElo "1420"]
[PlyCount "93"]
[BlackFideId "24622753"]
[EventCountry "GER"]
[EventRounds "11"]
[EventType "swiss"]
[EventDate "2003.06.07"]

1. d4 d5 2. c4 e6 3. Nc3 Nf6 4. Nf3 Nbd7 5. Bf4 Be7 6. Nb5 Bd6 7. Bxd6 cxd6 8.
Nxd6+ Ke7 9. Nxc8+ Rxc8 10. cxd5 Nxd5 11. e4 Nb4 12. Bd3 Nc5 13. dxc5 Nxd3+ 14.
Ke2 Nxc5 15. Qxd8+ Rhxd8 16. e5 Nd3 17. Rhd1 Nb4 18. Rxd8 Rxd8 19. a3 Nc6 20.
Rd1 Rxd1 21. Kxd1 h6 22. h4 Kd7 23. Kc2 Na5 24. Kc3 Kc6 25. Nd4+ Kd5 26. f4 Nc4
27. Nb5 Ne3 28. g3 Nf5 29. Nxa7 Nxg3 30. Kd3 Nf5 31. Nb5 Nxh4 32. Nd6 Ng6 33.
Ke3 f6 34. Nxb7 fxe5 35. fxe5 Nxe5 36. a4 Nc4+ 37. Kf4 Nxb2 38. a5 Kc6 39. a6
Kb6 40. Nd8 Kxa6 41. Nxe6 g6 42. Nf8 Nd3+ 43. Ke4 Nc5+ 44. Ke5 g5 45. Kf5 Nd3
46. Nh7 Nf2 47. Nxg5 1/2-1/2

[Event "DEM U12/U12w 2003"]
[Site "Willingen GER"]
[Date "2003.06.10"]
[Round "5"]
[White "Göpel, Martin"]
[Black "Häcker, Katrin"]
[Result "1-0"]
[Termination "normal"]
[Board "36"]
[WhiteElo "1476"]
[BlackElo "1253"]
[PlyCount "47"]
[BlackFideId "24667986"]
[EventCountry "GER"]
[EventRounds "11"]
[EventType "swiss"]
[EventDate "2003.06.07"]

1. e4 e5 2. Nf3 Nc6 3. Bc4 Bc5 4. c3 Nf6 5. d4 exd4 6. cxd4 Bb4+ 7. Bd2 Nxe4 8.
Bxb4 Nxb4 9. Bxf7+ Kf8 10. Bb3 d5 11. Ne5 Qf6 12. O-O Qg5 13. Nc3 Bh3 14. Qf3+
Bf5 15. Nxe4 dxe4 16. Qc3 Nc6 17. Nf7 Qf6 18. Nxh8 Nxd4 19. Qc5+ Ke8 20. Bf7+
Kd8 21. Qf8+ Kd7 22. Qxa8 Bh3 23. Qe8+ Kd6 24. Qxe4 1-0

[Event "DEM U12/U12w 2003"]
[Site "Willingen GER"]
[Date "2003.06.10"]
[Round "5"]
[White "Mijatovic, Andrea"]
[Black "Wisheckel, Lena"]
[Result "1-0"]
[Termination "normal"]
[Board "37"]
[WhiteElo "1408"]
[BlackElo "1242"]
[PlyCount "157"]
[WhiteFideId "14514524"]
[BlackFideId "24691992"]
[EventCountry "GER"]
[EventRounds "11"]
[EventType "swiss"]
[EventDate "2003.06.07"]

1. e4 e6 2. d4 d5 3. Nc3 c6 4. e5 Bb4 5. Bd2 Ne7 6. Nf3 h6 7. Bd3 Nd7 8. a3
Bxc3 9. Bxc3 c5 10. O-O c4 11. Be2 Nb6 12. Bb4 Nc6 13. Bd6 Bd7 14. a4 Nc8 15.
Ba3 a6 16. b3 cxb3 17. cxb3 N8e7 18. Rc1 Nf5 19. Qd2 Qb6 20. Bc5 Qd8 21. Rfd1
Na5 22. Qb4 Nc6 23. Qxb7 a5 24. Bb5 Rb8 25. Qa6 Nfe7 26. Bxe7 Nxe7 27. Bxd7+
Qxd7 28. Qxa5 O-O 29. Qc7 Qxc7 30. Rxc7 Nf5 31. Rb1 Rfc8 32. Rxc8+ Rxc8 33. Kf1
Rc3 34. Ke2 Rc2+ 35. Ke1 Rc3 36. Kd2 Rc8 37. Rc1 Rb8 38. Rb1 f6 39. Kd3 fxe5
40. Nxe5 Rb4 41. Nf3 Nd6 42. Nd2 Rb7 43. b4 g5 44. b5 Ra7 45. b6 Ra8 46. a5 Nb7
47. Nb3 Kf7 48. Kc3 Ke7 49. Kb4 Nd6 50. Nc5 Kd8 51. Nxe6+ Kc8 52. Nc7 Rb8 53.
Kc5 Nb7+ 54. Kb5 Nd6+ 55. Kc6 Nf7 56. b7+ Rxb7 57. Rxb7 Nd8+ 58. Kb6 Nxb7 59.
a6 Nd6 60. a7 Kd7 61. Ka6 Kxc7 62. a8=Q h5 63. Qxd5 Ne8 64. Qxg5 h4 65. Qe7+
Kc6 66. Qxe8+ Kd5 67. Qe7 Kxd4 68. Qe6 Kc5 69. Qd7 Kc4 70. Qd6 Kc3 71. Qd5 Kb4
72. Qc6 Kb3 73. Qc5 Ka2 74. Qb4 Ka1 75. Qd2 Kb1 76. Kb5 Ka1 77. Kb4 Kb1 78. Kc3
Ka1 79. Qb2# 1-0

[Event "DEM U12/U12w 2003"]
[Site "Willingen GER"]
[Date "2003.06.10"]
[Round "5"]
[White "Demmler, Julia"]
[Black "Schultheiß, Vera"]
[Result "0-1"]
[Termination "normal"]
[Board "38"]
[WhiteElo "1385"]
[BlackElo "1046"]
[PlyCount "116"]
[EventCountry "GER"]
[EventRounds "11"]
[EventType "swiss"]
[EventDate "2003.06.07"]

1. e4 e5 2. Nf3 Nc6 3. Bc4 Bc5 4. d3 h6 5. Be3 Bxe3 6. fxe3 d6 7. O-O Nf6 8.
Nc3 O-O 9. d4 Ng4 10. Qd2 Na5 11. Bb3 Nxb3 12. axb3 c5 13. Nd1 Nf6 14. Nc3 Bg4
15. Qd3 Bxf3 16. Rxf3 a6 17. Raf1 cxd4 18. exd4 exd4 19. Qxd4 Ng4 20. h3 Ne5
21. Rf5 Qe7 22. Nd5 Qd8 23. Qf2 f6 24. Qg3 Rf7 25. Nxf6+ Kf8 26. Nh7+ Ke8 27.
Rxf7 Nxf7 28. Qxg7 Kd7 29. Qxf7+ Qe7 30. Nf6+ Kd8 31. Qf8+ Qxf8 32. Nh7 Qg7 33.
Rf8+ Kc7 34. Rxa8 Qxh7 35. Re8 Qg7 36. c3 Qf7 37. Rh8 Qg7 38. Re8 Qg6 39. Re7+
Kc6 40. e5 dxe5 41. Rxe5 Qf6 42. Rh5 b5 43. b4 Qg6 44. Rc5+ Kb6 45. Kh2 a5 46.
Rd5 axb4 47. cxb4 Qe6 48. Rh5 Qd6+ 49. g3 Qd2+ 50. Kg1 Qd1+ 51. Kg2 Qxh5 52.
Kg1 Qe2 53. b3 Kc6 54. g4 Kd6 55. g5 hxg5 56. h4 gxh4 57. Kh1 h3 58. Kg1 Qg2#
0-1

[Event "DEM U12/U12w 2003"]
[Site "Willingen GER"]
[Date "2003.06.10"]
[Round "5"]
[White "Mischke, Daniel"]
[Black "Saak, Sandra"]
[Result "1/2-1/2"]
[Termination "normal"]
[Board "39"]
[WhiteElo "1238"]
[BlackElo "1361"]
[PlyCount "41"]
[EventCountry "GER"]
[EventRounds "11"]
[EventType "swiss"]
[EventDate "2003.06.07"]

1. e4 e6 2. d4 d5 3. exd5 exd5 4. Bf4 Bd6 5. Bxd6 Qxd6 6. Nf3 Nf6 7. Bd3 O-O 8.
O-O Nc6 9. c3 Ne7 10. Qc2 Qf4 11. h3 Bf5 12. Re1 Bxd3 13. Qxd3 Rfe8 14. Nbd2
Ng6 15. Re2 Rxe2 16. Qxe2 Re8 17. Qd3 Ne4 18. Qe2 Re6 19. Nxe4 Qxe4 20. Qd2 h6
21. Re1 1/2-1/2

[Event "DEM U12/U12w 2003"]
[Site "Willingen GER"]
[Date "2003.06.10"]
[Round "5"]
[White "Geis, Raoul-Marian"]
[Black "Hort, Maria"]
[Result "1-0"]
[Termination "normal"]
[Board "40"]
[WhiteElo "1315"]
[BlackElo "966"]
[PlyCount "67"]
[EventCountry "GER"]
[EventRounds "11"]
[EventType "swiss"]
[EventDate "2003.06.07"]

1. e4 c6 2. d4 d5 3. Nc3 dxe4 4. Nxe4 Bf5 5. Nc5 b6 6. Nb3 Nf6 7. Nf3 e6 8. g3
Be7 9. Bg2 O-O 10. O-O Qc7 11. Bf4 Bd6 12. Bxd6 Qxd6 13. c3 Rd8 14. Ne5 Qc7 15.
Re1 b5 16. Nc5 Nfd7 17. Ncxd7 Nxd7 18. Nxc6 Re8 19. Ne7+ Kf8 20. Nxf5 exf5 21.
Bxa8 Rxa8 22. Qf3 Rd8 23. Qxf5 Nf6 24. Qxb5 Qd6 25. Qc5 Qxc5 26. dxc5 Rc8 27.
b4 Nd5 28. Rac1 Rd8 29. Red1 Ke7 30. Rc2 a6 31. Rcd2 Ke6 32. c4 Nc3 33. Rxd8
Nxd1 34. Rxd1 1-0

[Event "DEM U12/U12w 2003"]
[Site "Willingen GER"]
[Date "2003.06.10"]
[Round "5"]
[White "Penne, Bo"]
[Black "van Orsouw, Svenja"]
[Result "0-1"]
[Termination "normal"]
[Board "41"]
[WhiteElo "1226"]
[BlackElo "1311"]
[PlyCount "90"]
[WhiteFideId "24642193"]
[BlackFideId "24677124"]
[EventCountry "GER"]
[EventRounds "11"]
[EventType "swiss"]
[EventDate "2003.06.07"]

1. e4 c5 2. Nf3 d6 3. d4 cxd4 4. Nxd4 Nf6 5. Nc3 a6 6. Bc4 e6 7. Be3 Be7 8. Qe2
O-O 9. O-O-O Qc7 10. Bb3 Nc6 11. f3 Rb8 12. g4 Na5 13. Qf2 b5 14. g5 Nd7 15. h4
Ne5 16. h5 Nac4 17. Bf4 Qc5 18. Qg2 Rb7 19. g6 fxg6 20. hxg6 Nxg6 21. Qh2 Rxf4
22. Qxh7+ Kf7 23. Rdg1 Rf6 24. f4 Qxd4 25. f5 exf5 26. exf5 Qf4+ 27. Kb1 Bxf5
28. Nd5 Qe5 29. Nc3 b4 30. Bxc4+ Be6 31. Bxe6+ Rxe6 32. Nd1 Rc7 33. Qh3 Qe4 34.
Qh2 Qe5 35. Qd2 d5 36. Rf1+ Rf6 37. Rxf6+ Qxf6 38. Qxd5+ Qe6 39. Rf1+ Bf6 40.
Qa5 Qc4 41. Rf2 Rd7 42. Kc1 Qd4 43. Rf1 Qd2+ 44. Kb1 Qxd1+ 45. Rxd1 Rxd1# 0-1

[Event "DEM U12/U12w 2003"]
[Site "Willingen GER"]
[Date "2003.06.10"]
[Round "5"]
[White "Becher, Anne"]
[Black "Thewes, Johannes"]
[Result "0-1"]
[Termination "normal"]
[Board "42"]
[WhiteElo "1294"]
[BlackElo "903"]
[PlyCount "88"]
[BlackFideId "4624823"]
[EventCountry "GER"]
[EventRounds "11"]
[EventType "swiss"]
[EventDate "2003.06.07"]

1. d4 d5 2. e4 c6 3. Nc3 dxe4 4. Nxe4 Bf5 5. Ng3 Bg6 6. Nf3 Nf6 7. h4 h6 8. Ne5
Bh7 9. Bd3 Bxd3 10. Qxd3 e6 11. Be3 Nbd7 12. O-O-O Nxe5 13. dxe5 Qxd3 14. Rxd3
Ng4 15. f4 Nxe3 16. Rxe3 O-O-O 17. Rd1 Be7 18. f5 Bxh4 19. fxe6 fxe6 20. Ne4
Rhf8 21. Nc5 Rxd1+ 22. Kxd1 Rf1+ 23. Kd2 Bf2 24. Rf3 Be1+ 25. Ke2 Rxf3 26. gxf3
Bg3 27. Nxe6 Bxe5 28. b3 Kd7 29. Nc5+ Kc7 30. Ne4 h5 31. Ng5 Kd7 32. Nh3 Ke6
33. Kf2 Kf5 34. Kg2 g5 35. Nf2 Bd4 36. Nh3 g4 37. fxg4+ hxg4 38. Nf2 Be5 39. a3
g3 40. Nh3 Ke4 41. Ng1 Ke3 42. Nf3 Bd6 43. Ne1 Kd2 44. Kf1 Bxa3 0-1

[Event "DEM U12/U12w 2003"]
[Site "Willingen GER"]
[Date "2003.06.10"]
[Round "5"]
[White "Göbel, Florian"]
[Black "Gröger, Eric"]
[Result "1/2-1/2"]
[Termination "normal"]
[Board "43"]
[WhiteElo "1180"]
[BlackElo "1265"]
[PlyCount "29"]
[EventCountry "GER"]
[EventRounds "11"]
[EventType "swiss"]
[EventDate "2003.06.07"]

1. e4 e5 2. Bc4 Nc6 3. Nf3 Nf6 4. Nc3 Bc5 5. O-O d6 6. h3 O-O 7. d3 Be6 8. Bg5
Qe7 9. Qd2 a6 10. Nd5 Bxd5 11. Bxd5 Rab8 12. c3 Rbd8 13. Nh4 Rd7 14. Nf5 Qd8
15. b4 1/2-1/2

[Event "DEM U12/U12w 2003"]
[Site "Willingen GER"]
[Date "2003.06.10"]
[Round "5"]
[White "Perlick, Maria"]
[Black "Eckoldt, Katja"]
[Result "1/2-1/2"]
[Termination "normal"]
[Board "44"]
[WhiteElo "1397"]
[BlackElo "979"]
[PlyCount "73"]
[EventCountry "GER"]
[EventRounds "11"]
[EventType "swiss"]
[EventDate "2003.06.07"]

1. d4 d5 2. c4 e6 3. Nc3 Nf6 4. Bg5 Nbd7 5. Nf3 Be7 6. e3 O-O 7. Bd3 c6 8. O-O
Re8 9. Qc2 Nf8 10. Ne5 N6d7 11. Nxd7 Bxd7 12. Bxe7 Qxe7 13. f4 Rad8 14. Rf3 Ng6
15. Raf1 Nh4 16. Rg3 g6 17. Nd1 dxc4 18. Qxc4 b5 19. Qc3 Nf5 20. Rh3 b4 21. Qc2
Rc8 22. Nf2 c5 23. dxc5 Rxc5 24. Qe2 e5 25. Bxf5 Bxf5 26. Rf3 exf4 27. Rxf4
Qxe3 28. Qxe3 Rxe3 29. Rxb4 a5 30. Rb7 Kg7 31. Ra7 Re2 32. Rb7 Bc8 33. Rb8 Be6
34. a3 Rcc2 35. b3 Ra2 36. a4 Ra3 37. Ra8 1/2-1/2

[Event "DEM U12/U12w 2003"]
[Site "Willingen GER"]
[Date "2003.06.11"]
[Round "6"]
[White "Savchenko, Aleksij"]
[Black "Bigalke, Tobias"]
[Result "1/2-1/2"]
[Termination "normal"]
[Board "1"]
[WhiteElo "1774"]
[BlackElo "1767"]
[PlyCount "79"]
[WhiteFideId "24611727"]
[BlackFideId "4698282"]
[EventCountry "GER"]
[EventRounds "11"]
[EventType "swiss"]
[EventDate "2003.06.07"]

1. d4 d5 2. Nf3 Nf6 3. c4 e6 4. Nc3 Nbd7 5. Bg5 c6 6. cxd5 cxd5 7. e3 Qa5 8.
Bxf6 Nxf6 9. Bb5+ Bd7 10. Bxd7+ Nxd7 11. O-O Bd6 12. Qd3 h6 13. a3 f5 14. b4
Qd8 15. Qb5 Rb8 16. Ne5 Bxe5 17. dxe5 a6 18. Qa4 O-O 19. f4 Nb6 20. Qd1 Nc4 21.
Rf3 Kh8 22. Rh3 Rf7 23. Ne2 Rc8 24. Nd4 Qe8 25. g4 fxg4 26. Qxg4 Re7 27. Ra2
Qf7 28. Rf3 Kh7 29. a4 b6 30. Rg2 g6 31. h4 Rg8 32. Qh3 Qe8 33. b5 axb5 34.
axb5 Rgg7 35. Ra2 Qc8 36. Nc6 Rc7 37. Rf1 Rxc6 38. bxc6 Qxc6 39. Qf3 Qc5 40.
Re1 1/2-1/2

[Event "DEM U12/U12w 2003"]
[Site "Willingen GER"]
[Date "2003.06.11"]
[Round "6"]
[White "Jussupow, Ekaterina"]
[Black "Seyb, Alexander"]
[Result "1/2-1/2"]
[Termination "normal"]
[Board "2"]
[WhiteElo "1709"]
[BlackElo "1807"]
[PlyCount "86"]
[WhiteFideId "24625400"]
[BlackFideId "4699033"]
[EventCountry "GER"]
[EventRounds "11"]
[EventType "swiss"]
[EventDate "2003.06.07"]

1. e4 g6 2. Bc4 Bg7 3. d3 c6 4. Nd2 d5 5. Bb3 Na6 6. c3 Nc5 7. Bc2 dxe4 8. Nxe4
Nxe4 9. dxe4 Qc7 10. Nf3 Nf6 11. O-O O-O 12. Qe2 Rd8 13. e5 Nd5 14. Re1 Bg4 15.
a3 Bxf3 16. gxf3 e6 17. Bg5 Rd7 18. Kh1 h6 19. Bd2 Rad8 20. c4 Ne7 21. Bc3 a6
22. Rad1 c5 23. f4 Nc6 24. Rxd7 Rxd7 25. Rd1 Nd4 26. Bxd4 cxd4 27. Bd3 Bf8 28.
Rg1 Qd8 29. Bxg6 fxg6 30. Rxg6+ Rg7 31. Rxh6 Rg1+ 32. Kxg1 Bxh6 33. Qg4+ Kh7
34. Qxe6 d3 35. Qf7+ Kh8 36. Qh5 Kg7 37. f5 d2 38. Qg6+ Kh8 39. Qxh6+ Kg8 40.
Qg6+ Kf8 41. Qh6+ Kg8 42. Qe6+ Kh8 43. Qh6+ Kg8 1/2-1/2

[Event "DEM U12/U12w 2003"]
[Site "Willingen GER"]
[Date "2003.06.11"]
[Round "6"]
[White "Müller, Reinhold"]
[Black "Mazarov, Jürgen"]
[Result "1-0"]
[Termination "normal"]
[Board "3"]
[WhiteElo "2003"]
[BlackElo "1684"]
[PlyCount "39"]
[WhiteFideId "24605875"]
[BlackFideId "24617768"]
[EventCountry "GER"]
[EventRounds "11"]
[EventType "swiss"]
[EventDate "2003.06.07"]

1. d4 d5 2. Nf3 Nf6 3. c4 e6 4. Bg5 Be7 5. Nc3 O-O 6. e3 Nbd7 7. Bd3 c6 8. O-O
dxc4 9. Bxc4 b5 10. Bd3 Bb7 11. e4 a6 12. e5 Nd5 13. Bxe7 Nxe7 14. Bxh7+ Kxh7
15. Ng5+ Kg6 16. Qg4 f5 17. Qg3 f4 18. Qg4 Nf6 19. exf6 Kxf6 20. Nce4+ 1-0

[Event "DEM U12/U12w 2003"]
[Site "Willingen GER"]
[Date "2003.06.11"]
[Round "6"]
[White "Kim, Oi-sin"]
[Black "Huschenbeth, Niclas"]
[Result "1-0"]
[Termination "normal"]
[Board "4"]
[WhiteElo "1588"]
[BlackElo "1808"]
[PlyCount "101"]
[WhiteFideId "24605778"]
[BlackFideId "24604747"]
[EventCountry "GER"]
[EventRounds "11"]
[EventType "swiss"]
[EventDate "2003.06.07"]

1. e4 c5 2. Nf3 d6 3. d4 cxd4 4. Nxd4 Nf6 5. Nc3 Nc6 6. f3 Qb6 7. Be3 Qxb2 8.
Ndb5 Nb4 9. Rb1 Qxc2 10. Rxb4 Qxd1+ 11. Nxd1 Kd8 12. Nxa7 e6 13. Nxc8 Kxc8 14.
Rb2 Be7 15. Bd3 Nd7 16. O-O Bf6 17. Rc2+ Kd8 18. Nf2 Ra3 19. Bc1 Ra7 20. Ng4
Bd4+ 21. Be3 Bxe3+ 22. Nxe3 Ra3 23. Rd1 Nc5 24. Rcd2 Ke7 25. Nc4 Rxd3 26. Rxd3
Nxd3 27. Rxd3 Rc8 28. Ne3 g6 29. Rb3 Rc7 30. Kf2 f5 31. Ke2 Kf6 32. Kd3 Rd7 33.
Kd4 Rc7 34. Rc3 Rd7 35. Rc8 h6 36. Nc4 d5 37. e5+ Kg5 38. Nd6 Kf4 39. a4 g5 40.
Nb5 h5 41. Nc3 g4 42. Ne2+ Kg5 43. f4+ Kg6 44. Nc3 Kf7 45. Nb5 Kg6 46. a5 h4
47. Rc7 Rd8 48. Rxb7 Rc8 49. Nc7 g3 50. h3 Kh5 51. a6 1-0

[Event "DEM U12/U12w 2003"]
[Site "Willingen GER"]
[Date "2003.06.11"]
[Round "6"]
[White "Zehnter, Sebastian"]
[Black "Fischer, Thomas"]
[Result "1/2-1/2"]
[Termination "normal"]
[Board "5"]
[WhiteElo "1750"]
[BlackElo "1671"]
[PlyCount "72"]
[WhiteFideId "24608670"]
[BlackFideId "4683277"]
[EventCountry "GER"]
[EventRounds "11"]
[EventType "swiss"]
[EventDate "2003.06.07"]

1. c4 e5 2. Nc3 Nf6 3. g3 d6 4. Bg2 g6 5. e3 Bg7 6. Nge2 O-O 7. O-O Nc6 8. d4
Nd7 9. b3 f5 10. f4 exd4 11. exd4 Nf6 12. h3 Re8 13. Rb1 Ne7 14. d5 c6 15. dxc6
bxc6 16. Ba3 d5 17. Bxe7 Qxe7 18. cxd5 cxd5 19. Nxd5 Qc5+ 20. Qd4 Qxd4+ 21.
Nxd4 Ne4 22. Rfd1 Rd8 23. Nc6 Rd7 24. Bxe4 fxe4 25. Nde7+ Kf8 26. Nxc8 Rxd1+
27. Rxd1 Rxc8 28. Rd8+ Rxd8 29. Nxd8 Ke7 30. Nc6+ Kd6 31. Nb4 Bc3 32. Nc2 Kd5
33. Kf2 Ba5 34. Kg2 Bc3 35. Na3 a6 36. Nc2 Ba5 1/2-1/2

[Event "DEM U12/U12w 2003"]
[Site "Willingen GER"]
[Date "2003.06.11"]
[Round "6"]
[White "Kazhibadze, Georg"]
[Black "Geske, Julian"]
[Result "0-1"]
[Termination "normal"]
[Board "6"]
[WhiteElo "1681"]
[BlackElo "1733"]
[PlyCount "100"]
[BlackFideId "24605263"]
[EventCountry "GER"]
[EventRounds "11"]
[EventType "swiss"]
[EventDate "2003.06.07"]

1. e4 e5 2. Nf3 Nc6 3. Bb5 a6 4. Ba4 Nf6 5. O-O Nxe4 6. Bxc6 dxc6 7. Re1 Nc5 8.
d4 Ne6 9. dxe5 Be7 10. Qxd8+ Nxd8 11. Bg5 Bc5 12. Bxd8 Kxd8 13. Nbd2 Re8 14.
Rad1 Ke7 15. Nb3 Bb6 16. h3 Kf8 17. Nfd2 Bf5 18. c3 Rad8 19. Nc4 Ba7 20. Rxd8
Rxd8 21. Nca5 Bc2 22. Nxb7 Rd5 23. N7a5 Bb6 24. Nxc6 Bxb3 25. axb3 Rd2 26. Rf1
Rxb2 27. Rd1 g6 28. Rd8+ Kg7 29. g4 Rxf2 30. Nd4 Re2 31. e6 Rxe6 32. Kg2 Rd6
33. Rxd6 cxd6 34. Nc6 Kf6 35. Nb4 Ba5 36. Nd5+ Ke5 37. c4 Kd4 38. Kf3 Bd2 39.
Ke2 Ba5 40. Kf3 Kd3 41. Kg3 Bd2 42. Kf3 a5 43. Nf6 Bb4 44. Nxh7 Kc3 45. Ng5
Kxb3 46. Ne4 a4 47. Nf2 a3 48. Nd3 Bd2 49. Ke2 Kc2 50. c5 dxc5 0-1

[Event "DEM U12/U12w 2003"]
[Site "Willingen GER"]
[Date "2003.06.11"]
[Round "6"]
[White "Gölz, Daniel"]
[Black "Moshtael, Wesal"]
[Result "0-1"]
[Termination "normal"]
[Board "7"]
[WhiteElo "1682"]
[BlackElo "1578"]
[PlyCount "52"]
[WhiteFideId "24626325"]
[BlackFideId "24618551"]
[EventCountry "GER"]
[EventRounds "11"]
[EventType "swiss"]
[EventDate "2003.06.07"]

1. e4 c5 2. Nf3 e6 3. d4 cxd4 4. Nxd4 Nf6 5. Bd3 d6 6. O-O Nbd7 7. Nb3 a6 8.
Nc3 b5 9. a4 b4 10. Ne2 d5 11. Ng3 Bb7 12. exd5 Bxd5 13. Nd4 Bc5 14. Nde2 Ne5
15. Nf4 Nxd3 16. Qxd3 Bb7 17. Re1 O-O 18. a5 Qc7 19. c3 Rfd8 20. Qc2 Rac8 21.
Nd3 Qc6 22. Kf1 Qxg2+ 23. Ke2 Qf3+ 24. Kd2 Qxf2+ 25. Re2 Be3+ 26. Kd1 Bf3 0-1

[Event "DEM U12/U12w 2003"]
[Site "Willingen GER"]
[Date "2003.06.11"]
[Round "6"]
[White "Strunski, Andreas"]
[Black "Jorczik, Julian"]
[Result "0-1"]
[Termination "normal"]
[Board "8"]
[WhiteElo "1619"]
[BlackElo "1682"]
[PlyCount "98"]
[WhiteFideId "24606073"]
[BlackFideId "24611719"]
[EventCountry "GER"]
[EventRounds "11"]
[EventType "swiss"]
[EventDate "2003.06.07"]

1. e4 c5 2. Nf3 e6 3. d4 cxd4 4. Nxd4 Nf6 5. Nc3 Nc6 6. Nxc6 bxc6 7. e5 Nd5 8.
Ne4 Qc7 9. f4 Rb8 10. c4 Bb4+ 11. Kf2 Qb6+ 12. Kf3 f5 13. Nf2 Nc7 14. Be3 Bc5
15. Bxc5 Qxc5 16. Qc2 Nb5 17. Qd2 Nd4+ 18. Kg3 g5 19. b4 gxf4+ 20. Kxf4 Ne2+
21. Qxe2 Qd4+ 22. Ne4 Rg8 23. h3 fxe4 24. Qh5+ Kd8 25. Rd1 Rf8+ 26. Kg3 Qf2+
27. Kh2 Rxb4 28. Qg5+ Kc7 29. Qe7 Qf4+ 30. Kg1 Rb2 31. Qd6+ Kb7 32. Qa3 Qf2+
33. Kh2 Rg8 34. Rg1 Qf4+ 35. Kh1 Qxe5 36. c5 Ka8 37. Ba6 Rg3 38. Qxb2 Qxb2 39.
Bxc8 Qc3 40. Kh2 Rd3 41. Rb1 Qe5+ 42. Kh1 a5 43. Rb7 e3 44. Rbb1 e2 45. Ba6 Re3
46. Rge1 Qe4 47. Bb7+ Ka7 48. Bc8 Rxh3+ 49. Kg1 Qe3# 0-1

[Event "DEM U12/U12w 2003"]
[Site "Willingen GER"]
[Date "2003.06.11"]
[Round "6"]
[White "Schrödter, Thomas"]
[Black "Scharnowski, Tobias"]
[Result "0-1"]
[Termination "normal"]
[Board "9"]
[WhiteElo "1605"]
[BlackElo "1658"]
[PlyCount "118"]
[BlackFideId "24620424"]
[EventCountry "GER"]
[EventRounds "11"]
[EventType "swiss"]
[EventDate "2003.06.07"]

1. d4 d5 2. c4 e6 3. Nc3 Be7 4. cxd5 exd5 5. Nf3 Nf6 6. Bg5 c6 7. e3 Bf5 8. Bd3
Bxd3 9. Qxd3 Nbd7 10. O-O O-O 11. Rab1 Re8 12. Rfc1 a5 13. Nd2 h6 14. Bh4 Nf8
15. Na4 Ne4 16. Bxe7 Qxe7 17. Nxe4 Qxe4 18. Qxe4 Rxe4 19. Nc5 Re7 20. Kf1 Ne6
21. Ke2 Nxd4+ 22. Kd3 Ne6 23. Nb3 Kf8 24. Rd1 Ke8 25. Rbc1 Kd8 26. h4 Kc7 27.
Ke2 b6 28. g3 Kb7 29. Nd4 Nxd4+ 30. Rxd4 Rae8 31. Rd3 Re6 32. Kd2 Rd8 33. b3
Rdd6 34. a3 Re4 35. Rd4 Rxd4+ 36. exd4 Re6 37. Kd3 Kc7 38. a4 Kd6 39. Rb1 c5
40. dxc5+ bxc5 41. Rc1 Re4 42. Rc2 f5 43. Rc1 Rb4 44. Kc3 d4+ 45. Kb2 Kd5 46.
Re1 c4 47. Re8 Rxb3+ 48. Kc2 Rb6 49. Rd8+ Rd6 50. Ra8 Ke4 51. Rxa5 d3+ 52. Kd1
c3 53. f3+ Kxf3 54. Rxf5+ Kxg3 55. Rc5 c2+ 56. Kd2 Kxh4 57. Rc4+ Kg3 58. a5 g5
59. Ra4 Rc6 0-1

[Event "DEM U12/U12w 2003"]
[Site "Willingen GER"]
[Date "2003.06.11"]
[Round "6"]
[White "Fink, Leander"]
[Black "Sörös, Martin-Wolfgang"]
[Result "1/2-1/2"]
[Termination "normal"]
[Board "11"]
[WhiteElo "1657"]
[BlackElo "1619"]
[PlyCount "26"]
[WhiteFideId "24605247"]
[EventCountry "GER"]
[EventRounds "11"]
[EventType "swiss"]
[EventDate "2003.06.07"]

1. e4 d5 2. exd5 Qxd5 3. Nc3 Qa5 4. d4 e5 5. dxe5 Bb4 6. Nge2 Nc6 7. a3 Bxc3+
8. Nxc3 Qxe5+ 9. Qe2 Qxe2+ 10. Bxe2 Bf5 11. Bg5 f6 12. Bf4 Nd4 13. O-O-O O-O-O
1/2-1/2

[Event "DEM U12/U12w 2003"]
[Site "Willingen GER"]
[Date "2003.06.11"]
[Round "6"]
[White "Nuber, Blasius"]
[Black "Remy, Janina"]
[Result "1-0"]
[Termination "normal"]
[Board "12"]
[WhiteElo "1560"]
[BlackElo "1672"]
[PlyCount "119"]
[WhiteFideId "24620289"]
[BlackFideId "24627348"]
[EventCountry "GER"]
[EventRounds "11"]
[EventType "swiss"]
[EventDate "2003.06.07"]

1. e4 e6 2. d4 d5 3. e5 c5 4. c3 Nc6 5. Nf3 Qb6 6. a3 Bd7 7. b4 c4 8. Be2 a5 9.
Bb2 Nge7 10. O-O axb4 11. axb4 Rxa1 12. Bxa1 Nf5 13. Na3 Be7 14. Bb2 Na7 15.
Qc2 Nh4 16. Nxh4 Bxh4 17. g3 Be7 18. f4 O-O 19. g4 Nb5 20. Nxb5 Bxb5 21. f5
exf5 22. gxf5 Qh6 23. Bc1 Bg5 24. Bxg5 Qxg5+ 25. Kh1 Bd7 26. f6 g6 27. Rg1 Bf5
28. Rxg5 Bxc2 29. Bf3 Rd8 30. Rg1 Ba4 31. Bg4 Bd7 32. Bxd7 Rxd7 33. Ra1 h5 34.
h4 Rd8 35. Ra7 Rb8 36. Kg2 Kf8 37. Kf3 Ke8 38. Kf4 Kd7 39. Kg5 Ke6 40. Kh6 Kf5
41. Kg7 Kg4 42. Kxf7 Kxh4 43. Kxg6 Kg4 44. f7 h4 45. Kg7 h3 46. f8=Q Rxf8 47.
Kxf8 h2 48. Ra1 Kg3 49. e6 Kg2 50. e7 h1=Q 51. Rxh1 Kxh1 52. e8=Q Kg2 53. Qe3
Kh1 54. Qe2 b5 55. Kf7 Kg1 56. Kg6 Kh1 57. Kg5 Kg1 58. Kg4 Kh1 59. Kh3 Kg1 60.
Qe1# 1-0

[Event "DEM U12/U12w 2003"]
[Site "Willingen GER"]
[Date "2003.06.11"]
[Round "6"]
[White "Geilfuss, Albert"]
[Black "Jannes, Alexander"]
[Result "1-0"]
[Termination "normal"]
[Board "13"]
[WhiteElo "1640"]
[BlackElo "1515"]
[PlyCount "41"]
[BlackFideId "4647955"]
[EventCountry "GER"]
[EventRounds "11"]
[EventType "swiss"]
[EventDate "2003.06.07"]

1. e4 c6 2. d4 d5 3. Nc3 dxe4 4. Nxe4 Nd7 5. Bc4 Ngf6 6. Ng5 e6 7. Qe2 Nb6 8.
Bd3 Qxd4 9. N1f3 Bb4+ 10. c3 Bxc3+ 11. Kf1 Qb4 12. bxc3 Qxc3 13. Bb2 Qc5 14.
Ne4 Nxe4 15. Qxe4 f6 16. Ke2 e5 17. Rhc1 Qd5 18. Qh4 h6 19. Bg6+ Ke7 20. Ba3+
Ke6 21. Qg4+ 1-0

[Event "DEM U12/U12w 2003"]
[Site "Willingen GER"]
[Date "2003.06.11"]
[Round "6"]
[White "Miclea, Sebastian"]
[Black "Smolkina, Milana"]
[Result "1/2-1/2"]
[Termination "normal"]
[Board "14"]
[WhiteElo "1532"]
[BlackElo "1623"]
[PlyCount "49"]
[BlackFideId "24618780"]
[EventCountry "GER"]
[EventRounds "11"]
[EventType "swiss"]
[EventDate "2003.06.07"]

1. d4 Nf6 2. c4 g6 3. Nc3 Bg7 4. e4 d6 5. f3 O-O 6. Be3 e5 7. Nge2 c6 8. Qd2
Nbd7 9. d5 cxd5 10. cxd5 a6 11. g4 Nb6 12. Ng3 Qc7 13. Bh6 Nc4 14. Bxc4 Qxc4
15. Bxg7 Kxg7 16. h4 Bd7 17. h5 Rh8 18. Qg5 h6 19. Qe3 g5 20. Nf5+ Bxf5 21.
gxf5 Nd7 22. Rc1 Nc5 23. Kd2 Qb4 24. Rc2 Rhc8 25. Rhc1 1/2-1/2